Largest Industries by state - Statistics

General Stats
  • This quiz has been taken 41 times
  • The average score is 10 of 50
Answer Stats
State Answer % Correct
Alaska Oil and gas extraction
84%
Hawaii Accomodation
59%
California Computer and electronic products manufacturing
59%
Michigan Motor vehicles, bodies and trailers, and parts manufacturing
59%
Texas Oil and gas extraction
56%
New York Federal Reserve banks, credit intermediation, and related services
53%
Oklahoma Oil and gas extraction
28%
North Carolina Federal Reserve banks, credit intermediation, and related services
25%
West Virginia Mining, except oil and gas
25%
Florida Health care services
22%
Maryland Health care services
22%
Massachusetts Hospitals and nursing and residential care facilities
22%
Connecticut Insurance carriers and related activities
22%
Nevada Accommodation
19%
Alabama Health care services
19%
Arizona Health care services
19%
Minnesota Health care services
19%
Mississippi Health care services
19%
Tennessee Health care services
19%
Missouri Hospitals and nursing and residential care facilities
19%
Montana Hospitals and nursing and residential care facilities
19%
Pennsylvania Hospitals and nursing and residential care facilities
19%
Rhode Island Hospitals and nursing and residential care facilities
19%
North Dakota Support activities for mining
19%
Oregon Computer and electronic products manufacturing
16%
New Jersey Health care services
16%
Kansas Hospitals and nursing and residential care facilities
16%
Maine Hospitals and nursing and residential care facilities
16%
Ohio Hospitals and nursing and residential care facilities
16%
Vermont Hospitals and nursing and residential care facilities
16%
Wyoming Mining, except oil and gas
16%
New Mexico Oil and gas extraction
16%
Idaho Computer and electronic products manufacturing
13%
Georgia Federal Reserve banks, credit intermediation, and related services
13%
Virginia Food and beverage and tobacco products manufacturing
13%
Kentucky Motor vehicles, bodies and trailers, and parts manufacturing
13%
Deleware Federal Reserve banks, credit intermediation, and related services
9%
South Dakota Federal Reserve banks, credit intermediation, and related services
9%
Utah Federal Reserve banks, credit intermediation, and related services
9%
Illinois Insurance carriers and related activities
6%
New Hampshire Insurance carriers and related activities
6%
Wisconsin Insurance carriers and related activities
6%
South Carolina Administrative and support services
3%
Arkansas Broadcasting and telecommunications
3%
Colorado Broadcasting and telecommunications
3%
Indiana Chemical products manufacturing
3%
Louisiana Chemical products manufacturing
3%
Iowa Insurance carriers and related activities
3%
Nebraska Insurance carriers and related activities
3%
Washington Publishing industries, except Internet (includes software)
3%
No matching quizzes found
Score Distribution
Percent of People with Each Score
Percentile by Number Answered
Your Score History
You have not taken this quiz